Loading...
| Science - Physics | 0 | 5 | 1 | 1 | 45 | 39 | 79.20 | 0 | 1 |
| Fine Arts - Other Fine Arts | 0 | 2 | 0 | 1 | 20 | 92 | 95.50 | 0 | 1 |
| Current Events | 0 | 2 | 0 | 1 | 20 | 90 | 97.50 | 0 | 1 |
| History - European History | 0 | 2 | 0 | 1 | 20 | 25 | 64.50 | 0 | 0 |
| Mythology | 0 | 2 | 0 | 1 | 20 | 80 | 96.00 | 0 | 0 |
| Religion | 0 | 2 | 0 | 0 | 20 | 55 | 56.50 | 1 | 1 |
| Science - Other Science | 0 | 3 | 2 | 0 | 20 | 58 | 62.33 | 0 | 1 |
| Geography | 0 | 2 | 1 | 0 | 15 | 82 | 102.00 | 0 | 0 |
| History - Other History | 0 | 2 | 1 | 0 | 15 | 83 | 98.50 | 0 | 0 |
| Science - Chemistry | 0 | 2 | 1 | 0 | 15 | 50 | 57.00 | 0 | 0 |
| Philosophy | 0 | 1 | 0 | 0 | 10 | 109 | 109.00 | 0 | 0 |
| History - American History | 0 | 1 | 0 | 1 | 10 | 76 | 76.00 | 0 | 0 |
| Literature - American Literature | 0 | 1 | 0 | 0 | 10 | 116 | 116.00 | 0 | 0 |
| History - World History | 0 | 1 | 0 | 1 | 10 | 102 | 102.00 | 0 | 0 |
| Literature - European Literature | 0 | 1 | 0 | 0 | 10 | 122 | 122.00 | 0 | 0 |
| Painting/Sculpture | 0 | 1 | 0 | 0 | 10 | 85 | 85.00 | 0 | 0 |